| 000 | 00832 a2200277 4500 | ||
|---|---|---|---|
| 001 | 200423041 | ||
| 003 | TR-AnTOB | ||
| 005 | 20240808110058.0 | ||
| 008 | 151021s tu 000 0 | ||
| 020 | _a9786055270100 | ||
| 040 |
_aTR-AnTOB _btur _erda _cTR-AnTOB |
||
| 041 | 0 | _atur | |
| 060 |
_aQV 38 _bA45 2012 |
||
| 096 |
_aQV38 _bA45 2012 |
||
| 245 | 1 | 0 |
_aAkılcıl tedavi yönünden tıbbi farmakoloji / _ceditör:S. Oğuz Kayaalp,. |
| 264 |
_aAnkara: _bPelikan Tıp ve Teknik Kitapçılık, _c2012 |
||
| 300 |
_a2 c. (vii, 760 s.) : _bresim ; _c28 cm. |
||
| 336 |
_atext _2rdacontent _btxt |
||
| 337 |
_aunmediated _2rdamedia _bn |
||
| 338 |
_avolume _2rdacarrier _bnc |
||
| 650 | 0 | 2 |
_aDrug Therapy _9109709 |
| 650 | 0 | 2 |
_aPharmaceutical Preparations _9109710 |
| 650 | 2 |
_aPharmacology _9120866 |
|
| 942 |
_cBK _2NLM |
||
| 999 |
_c200423041 _d39965 |
||